000 00927nam a2200217Ia 4500
999 _c38044
_d38044
001 4030
003 GE_BSU
005 20190521152054.0
008 181216s1980||||ge |||||||||||||| ||geo||
040 _cGE_BSU
041 _ageo
080 _a528.48(075.8) თ-40
100 _aთევზაძე,ნ.
_91425
245 _aსაინჟინრო გეოდეზია: IX : ტოპოგრაფიული სამუშაოები /
_cნიკოლოზ თევზაძე ; რედ : პ.ლაბარტყავა.
264 _aთბილისი :
_bგანათლება,
_c1980.
300 _a472 გვ .:
_c26 სმ.
653 _aსაინჟინრო გეოდეზია
653 _aტოპოგრაფიული სამუშაოები
700 _aლაბარტყავა. პ
_eრედაქტორი
_9523
942 _cBK
_2udc